| 000 | 00617nam a2200241Ia 4500 | ||
|---|---|---|---|
| 008 | 160803s9999 xx 000 0 und d | ||
| 020 | _a0 590035851 | ||
| 100 | _aCabrera, Jane | ||
| 245 | _aCat's colors / | ||
| 245 | _cJane Cabrera. | ||
| 260 | _aNew York : | ||
| 260 | _bScholastic Inc. | ||
| 260 | _c1997 | ||
| 300 | _a22 uunnumbered pages : | ||
| 300 | _bcolor illustrations ; | ||
| 300 | _c28 cm | ||
| 500 | _aOriginally published: New York : Dial Books for Young Readers, c1997. | ||
| 650 | _aCats -- | ||
| 650 | _aColor -- | ||
| 650 | _xFiction. | ||
| 650 | _xFiction. | ||
| 700 | _aBR | ||
| 999 |
_c299298 _d299298 |
||